El sector informal rural /

Salvato in:
Dettagli Bibliografici
Autore principale: Luparia, Carlos H.
Natura: testo
Tags: Aggiungi Tag
Nessun Tag, puoi essere il primo ad aggiungerne!!

MARC

LEADER 00000 a a2200000 04500
001 46226
003
040
100 |a Luparia, Carlos H.  
245 |a El sector informal rural /  |c Carlos H. Luparia  
773 |g volumen6, número3 ( , 2000), páginas 337-345  
999 |c 39388  |d 39388